Southville International School and Colleges
Your cart is empty.
  • Cart
  • Lists
    Public lists Eva Luna New books Lux_list list_1
    Your lists Log in to create your own lists
  • Log in to your account
  • Your cookies
  • Search history
Southville International School and Colleges
  • Advanced search
  • Recent comments
  • Most popular
  • Libraries

Log in to your account

Log in with GOOGLE


If you do not have an external account, but do have a local account, you can still log in:

  1. Home
  2. MARC view: Aba! ano ang bunga?
Normal view MARC view ISBD view

Aba! ano ang bunga? (Record no. 368744)

[ view plain ]
MARC details
000 -LEADER
fixed length control field 00624nam a22001937a 4500
003 - CONTROL NUMBER IDENTIFIER
control field 0
005 - DATE AND TIME OF LATEST TRANSACTION
control field 20260119085016.0
008 - FIXED-LENGTH DATA ELEMENTS--GENERAL INFORMATION
fixed length control field 260119b xxu||||| |||| 00| 0 eng d
020 ## - INTERNATIONAL STANDARD BOOK NUMBER
International Standard Book Number 978-971-630-184-7
050 ## - LIBRARY OF CONGRESS CALL NUMBER
Classification number FIL 398.6
Item number Re333 2014
082 ## - DEWEY DECIMAL CLASSIFICATION NUMBER
Classification number FIL 398.6
Item number Re333 2014
100 ## - MAIN ENTRY--PERSONAL NAME
Personal name Remigio, Ompong
245 ## - TITLE STATEMENT
Title Aba! ano ang bunga?
Statement of responsibility, etc mabubungang bugtong ni Ompong Remegio; inilarawan ni Mon Pineda
260 ## - PUBLICATION, DISTRIBUTION, ETC. (IMPRINT)
Place of publication, distribution, etc Manila :
Name of publisher, distributor, etc Tahanan Books for Young Readers,
Date of publication, distribution, etc 2014.
300 ## - PHYSICAL DESCRIPTION
Extent 36 pages :
Other physical details colored illustrations ;
Dimensions 23 cm.
650 ## - SUBJECT ADDED ENTRY--TOPICAL TERM
Topical term or geographic name as entry element Riddles, Filipino.
700 ## - ADDED ENTRY--PERSONAL NAME
Personal name Pineda, Mon,
Relator term illustrator.
942 ## - ADDED ENTRY ELEMENTS (KOHA)
Source of classification or shelving scheme Dewey Decimal Classification
Koha item type Books
Holdings
Withdrawn status Lost status Source of classification or shelving scheme Damaged status Home library Current library Shelving location Date acquired Source of acquisition Sub Shelving location Total Checkouts Full call number Barcode Date last seen Price effective from Koha item type
    Dewey Decimal Classification   Munich Library Munich Library Filipiniana Section 01/19/2026 Library Fund     FIL 398.6 Re333 2014 M8357 01/19/2026 01/19/2026 Books

Aba! ano ang bunga?

APA

Remigio O., Pineda M., . (2014). Aba! ano ang bunga?. Manila: Tahanan Books for Young Readers.

Chicago

Remigio Ompong, Pineda Mon, . 2014. Aba! ano ang bunga?. Manila: Tahanan Books for Young Readers.

Harvard

Remigio O., Pineda M., . (2014). Aba! ano ang bunga?. Manila: Tahanan Books for Young Readers.

MLA

Remigio Ompong, Pineda Mon, . Aba! ano ang bunga?. Manila: Tahanan Books for Young Readers. 2014.

  • Place hold
  • Print
  • Cite
  • Add to your cart (remove)
  • Save record
    BIBTEX Dublin Core MARCXML MARC (non-Unicode/MARC-8) MARC (Unicode/UTF-8) MARC (Unicode/UTF-8, Standard) MODS (XML) RIS
  • More searches
    Search for this title in:
    Other Libraries (WorldCat) Other Databases (Google Scholar) Online Stores (Bookfinder.com) Open Library (openlibrary.org)

Exporting to Dublin Core...

SOUTHVILLE LIBRARY

Southville International School and Colleges Library

1281 Tropical Ave. Cor. Luxembourg St., BF Homes International, Las Pinas City

Tel. No. 8256374 / 252358 Loc. 117/146

Powered by Koha